Harry Potter Personnages (1) - Statistiques

Statistiques générales
  • Ce quiz a été pris 73 fois
  • Le résultat moyen est 22 sur 25
Statistiques - réponses
Par images Réponse % Correct
Dobby
100%
Hermione Granger
100%
Voldemort
99%
Ron Weasley
97%
Hagrid
96%
Harry Potter
96%
Ginny Weasley
94%
Sirius Black
93%
Remus Lupin
91%
Albus Dumbledore
90%
Bellatrix Lestrange
88%
Luna Lovegood
88%
Neville Londubat
88%
Fleur Delacour
87%
Minerva McGonagall
87%
Hedwige
84%
Peter Pettigrew
84%
Molly Weasley
81%
Argus Rusard
78%
Arthur Weasley
78%
Percy Weasley
78%
Buck
75%
Bill Weasley
71%
Seamus Finnigan
69%
Dean Thomas
68%
Aucun quiz correspondant
Distribution des résultats
% des personnes avec chaque résultat
Percentile par nombre de réponses
Votre historique - résultats
Vous n’avez pas pris ce quiz